Bekannte Dinosaurier-Arten - Statistiken

Allgemein
  • Dieses Quiz wurde 1.374 mal gespielt
  • Das Durchschnittsergebnis liegt bei 9 aus 21
Antwortstatistiken
Bildquiz Antwort % Korrekt
Tyrannosaurus Rex
87%
Brachiosaurus
80%
Stegosaurus
80%
Triceratops
71%
Spinosaurus
65%
Ankylosaurus
55%
Velociraptor
55%
Allosaurus
45%
Pteranodon
44%
Iguanodon
37%
Plesiosaurus
34%
Carnotaurus
33%
Dilophosaurus
32%
Diplodocus
31%
Brontosaurus
29%
Gallimimus
28%
Parasaurolophus
28%
Pachycephalosaurus
22%
Archaeopteryx
18%
Kronosaurus
11%
Patagotitan
10%
Keine übereinstimmenden Quizze gefunden
Verteilung der Resultate
Anzahl Personen mit jedem Resultat
Perzentil nach korrekt beantworteten Fragen
Ihre Resultats-Entwicklung
Sie haben dieses Quiz noch nicht gespielt